000 00442nam a2200157Ia 4500
008 240729s9999 xx 000 0 und d
022 _a2180-4303
245 4 _aThe Malaysian Journal of Medical Sciences
260 _aMalaysia
260 _bPenerbit Universiti Sains Malaysia
650 _a Medicine (General)
650 _aMedicine
856 _uhttps://doaj.org/toc/06ccb92335af41cdb716c2f98ad43edf
942 _2ddc
942 _cDOAJEJ
999 _c73518
_d73518
945 _a1
_bMadushi Gamage
_c1
_dMadushi Gamage